000 01022nam a22003017a 4500
005 20161128094553.0
008 150717b2014 ck ||||| |||| 00| 0 spa d
020 _a9789585143526
040 _aCO-BoIAVH
_cCO-BoIAVH
041 0 _aspa
044 _ack
082 4 _a571.2012
_bC82m
245 1 _aManual para jardineros
260 3 _aMedellín (Colombia):
_bFondo editorial jardín botánico Medellín,
_c2014.
300 _a208 p.
_bilustraciones, fotografías, color
_c14 cm.
504 _aIncluye referencias bibliográficas (Pág. 209).
650 4 _aFlora
_vManual
_xSiembra
650 4 _aFlora
_xTaxonomía
650 4 _aFlora
_xPlantación
651 4 _aColombia
_zMedellín
700 1 _aCorrea Franco, Leonardo
700 1 _aPalacios, Camilo
700 1 _aVera, Luis Eduardo
700 1 _aFernández G., Luis Fernando
700 1 _aFérnandez P., Raquel Vanessa
700 1 _aPérez Z., Lina P.
_eeditora
942 _2ddc
_cLIBRO
999 _c17596
_d17596